Rozpoznaj państwo po mieście. - Statystyki

Ogólne statystyki
  • Ten quiz został rozwiązany 84 razy
  • Średni wynik to 14 z 21
Statystyki odpowiedzi
Miasto Państwo % Poprawnych
Helsinki Finlandia
99%
Wławywostok Rosja
96%
Montpellier Francja
94%
Melbourne Australia
93%
Split Chorwacja
91%
Bonn Niemcy
90%
Erywań Armenia
84%
Nashville Stany Zjednoczone
84%
Kalkuta Indie
83%
Cork Irlandia
81%
Kapsztad RPA
78%
Nagoja Japonia
72%
Medina Arabia Saudyjska
71%
Niamey Niger
61%
Mostar Bośnia i Hercegowina
54%
Lome Togo
42%
Dar Es Saalam Tanzania
41%
Parnawa Estonia
32%
Krabi Tajlandia
25%
Nuku'alofa Tonga
23%
Enfidha Tunezja
22%
Nie znaleziono quizów pasujących do podanych kryteriów
Rozkład punktacji
Procent ludzi z każdym wynikiem
Percentyl według liczby udzielonych odpowiedzi
Twoja historia wyników
Nie rozwiązałeś tego quizu